000 01564nam a2200313 a 4500
999 _c488462
_d488462
003 BLK
005 20240222180203.0
008 180926b bul||||| |||| 00| 0 bul d
020 _a9789540755656
040 _aBLK
041 _aBUL
_cBUL
080 _aСоциални проблеми, които изискват оказване на помощ. Видове социална помощ. Социална работа
_b364
_x-78-053.2
_z364-78-053.2
100 _aРанев, Александър Иванов
_eпърви автор
_91299
139 _aРанев, Александър Иванов
_bР 35
245 _aПозитивно възпитание и поведенческа промяна
_bРабота с деца с предизвикателно поведение
_cАлександър Ранев
257 _aBGR
260 _aСофия
_bУнив. изд. Св. Климент Охридски
_c2022
_9209716
_n978-954-07- ; 954-9399-
300 _a216 с.
_bс табл.
_c24 см
380 _a3
500 _aБиогр. данни за авт. отбелязани на гърба на кор. - Рец.: Нели Бояджиева, Владислав Господинов
504 _aБиблиогр.: с. 160-166
650 0 _9259474
_aДевиантно поведение - при децата
653 7 _9197013
_aсоциална работа
852 _aЦб 316600
_bЦб
856 _i0.00
_ldisable
942 _cKNG
_2udc
_n0
_s1
_03
944 _k30564
_lГалина Якимова
944 _kКети
_l2023-03-20
_aED